Potřebuje dnes marketing velké nápady?
Úspešné reklamné kampane v minulosti postavené na tzv. big idea - veľkom nápade. Kde sa tieto veľké nápady podeli. Big idea verzus "gimmick". Big idea ako pevný bod. Big idea ako pomocník taktických kampaní. Big idea ako tmel.
Salvato in:
| Autore principale: | |
|---|---|
| Natura: | Capitolo di libro |
| Lingua: | ceco |
| Soggetti: | |
| Tags: |
Nessun Tag, puoi essere il primo ad aggiungerne!!
|
MARC
| LEADER | 00000naa a2200000 4500 | ||
|---|---|---|---|
| 001 | 0127883 | ||
| 005 | 20231019095432.0 | ||
| 041 | 0 | |a cze | |
| 044 | |a CZ | ||
| 245 | 1 | 0 | |a Potřebuje dnes marketing velké nápady? |c Radek Dráb |
| 520 | |a Úspešné reklamné kampane v minulosti postavené na tzv. big idea - veľkom nápade. Kde sa tieto veľké nápady podeli. Big idea verzus "gimmick". Big idea ako pevný bod. Big idea ako pomocník taktických kampaní. Big idea ako tmel. | ||
| 610 | 2 | 0 | |a marketing |
| 610 | 2 | 0 | |a reklama |
| 610 | 2 | 0 | |a propagácia |
| 610 | 2 | 0 | |a značky výrobkov |
| 610 | 2 | 0 | |a kampane reklamné |
| 610 | 2 | 0 | |a konkurencia |
| 100 | 1 | |a Dráb, Radek | |